| 000 | 00714nam a22002297a 4500 | ||
|---|---|---|---|
| 003 | OSt | ||
| 005 | 20221109194203.0 | ||
| 008 | 221006b |||||||| |||| 00| 0 eng d | ||
| 020 | _a978 90 8680 064 3 | ||
| 040 | _cBiblioteca Lado V | ||
| 082 |
_a708 _bD376p |
||
| 100 |
_9343 _aDemeester, Ann _etextos |
||
| 245 | _aPatterns - Monstring/ | ||
| 260 |
_c2007 _bPrix de Rome.NL _aIrlanda |
||
| 300 |
_a127p. _c20x27cm |
||
| 650 |
_2Tesauro de Arte & Arquitectura _aEXHIBICION |
||
| 650 |
_2Tesauro de Arte & Arquitectura _aARTE |
||
| 700 |
_aSchafhausen, Nicalaus _etextos |
||
| 700 |
_aDijksterhuis, Edo _etextos |
||
| 700 |
_aRottenberg, Silvia _etextos |
||
| 942 |
_2ddc _c1 _h708 _iD376p _n0 |
||
| 999 |
_c2532 _d2532 |
||